书目信息 |
| 题名: |
工程电磁学
|
|
| 作者: | 海特, , Hayt, , 巴克, , Buck, 著 ;徐安士 , 周乐柱 译 | |
| 分册: | ||
| 出版信息: | 北京 电子工业出版社 2004 |
|
| 页数: | XII,404页 | |
| 开本: | 26cm | |
| 丛书名: | 国外电子与通信教材系列 | |
| 单 册: | ||
| 中图分类: | O441-43 | |
| 科图分类: | ||
| 主题词: | 电磁学--dian ci xue--教材 , 电磁学--dian ci xue | |
| 电子资源: | ||
| ISBN: | 7-120-00038-1 | |
| 000 | 01421nam0 2200397 450 | |
| 000 | 01453nam0 2200397 450 | |
| 000 | 01416nam0 2200385 450 | |
| 000 | 01373nam0 2200373 450 | |
| 000 | 01357nam0 2200373 450 | |
| 000 | 01320oam2 2200361 450 | |
| 001 | 012005000794 | |
| 005 | 20051207160737.94 | |
| 010 | @a7-120-00038-1@dCNY40.00 | |
| 100 | @a20050318d2004 em y0chiy0121 ea | |
| 101 | 1 | @achi@ceng |
| 102 | @aCN@b110000 | |
| 105 | @afk z 000yy | |
| 200 | 1 | @a工程电磁学@Agong cheng dian ci xue@d= Engineering electromagnetics@f(美)[海特]William H. Hayt,(美)[巴克]John A. Buck著@g徐安士,周乐柱译@zeng |
| 210 | @a北京@c电子工业出版社@d2004 | |
| 215 | @aXII,404页@c图@d26cm | |
| 225 | 2 | @a国外电子与通信教材系列@Aguo wai dian zi yu tong xin jiao cai xi lie |
| 306 | @a由美国McGraw-Hill公司授权 | |
| 461 | 0 | @12001 @a国外电子与通信教材系列 |
| 510 | 1 | @aEngineering electromagnetics@zeng |
| 606 | 0 | @a电磁学@Adian ci xue@j教材 |
| 606 | 0 | @a电磁学@Adian ci xue |
| 690 | @aO441-43@v4 | |
| 701 | 1 | @c(美)@a海特,@Ahai te@bW. H.@g(Hayt, William H.)@4著 |
| 701 | 1 | @c(美)@aHayt,@bW. H.@g(Hayt, William H.)@4著 |
| 701 | 1 | @c(美)@a巴克,@Aba ke@bJ. A.@g(Buck, John A.)@4著 |
| 701 | 1 | @c(美)@aBuck,@bJ. A.@g(Buck, John A.)@4著 |
| 702 | 0 | @a徐安士@Axu an shi@4译 |
| 702 | 0 | @a周乐柱@Azhou le zhu@4译 |
| 801 | 0 | @aCN@bSRXX@c20051207 |
| 905 | @a10447@dO441-43@eH049 | |
| 999 | @awxy | |
| 工程电磁学= Engineering electromagnetics/(美)[海特]William H. Hayt,(美)[巴克]John A. Buck著/徐安士,周乐柱译.-北京:电子工业出版社,2004 |
| XII,404页:图;26cm.-(国外电子与通信教材系列) |
| ISBN 7-120-00038-1:CNY40.00 |
| ● |
| 相关链接 |
|
|
|
正题名:工程电磁学
索取号:O441-43/H049
 
预约/预借
| 序号 | 登录号 | 条形码 | 馆藏地/架位号 | 状态 | 备注 |
| 1 | 546894 | 205468947 | 自科库401/401自科库 58排4列3层/ [索取号:O441-43/H049] | 在馆 | |
| 2 | 546895 | 205468956 | 自科库401/401自科库 58排4列3层/ [索取号:O441-43/H049] | 在馆 | |
| 3 | 546896 | 205468965 | 自科库401/401自科库 58排4列3层/ [索取号:O441-43/H049] | 在馆 |